<?xml version="1.0" encoding="UTF-8"?>
<record
    xmlns:xsi="http://www.w3.org/2001/XMLSchema-instance"
    xsi:schemaLocation="http://www.loc.gov/MARC21/slim http://www.loc.gov/standards/marcxml/schema/MARC21slim.xsd"
    xmlns="http://www.loc.gov/MARC21/slim">

  <leader>02319nam a2200217   4500</leader>
  <controlfield tag="005">20260116135810.0</controlfield>
  <controlfield tag="008">260109b        |||||||| |||| 00| 0 eng d</controlfield>
  <datafield tag="020" ind1=" " ind2=" ">
    <subfield code="a">9781350077638</subfield>
  </datafield>
  <datafield tag="041" ind1=" " ind2=" ">
    <subfield code="a">English</subfield>
  </datafield>
  <datafield tag="082" ind1=" " ind2=" ">
    <subfield code="a">746</subfield>
    <subfield code="b">STE</subfield>
  </datafield>
  <datafield tag="100" ind1=" " ind2=" ">
    <subfield code="a">Steed Josephine</subfield>
    <subfield code="9">216246</subfield>
  </datafield>
  <datafield tag="245" ind1=" " ind2=" ">
    <subfield code="a">Sourcing Ideas for Textile Design</subfield>
    <subfield code="b">: Researching Colour, Surface, Structure, Texture &amp; Pattern</subfield>
  </datafield>
  <datafield tag="250" ind1=" " ind2=" ">
    <subfield code="a">2nd</subfield>
  </datafield>
  <datafield tag="260" ind1=" " ind2=" ">
    <subfield code="a">New Delhi</subfield>
    <subfield code="b">Bloomsbury</subfield>
    <subfield code="c">2020</subfield>
  </datafield>
  <datafield tag="300" ind1=" " ind2=" ">
    <subfield code="a">157</subfield>
  </datafield>
  <datafield tag="365" ind1=" " ind2=" ">
    <subfield code="b">2096.86</subfield>
    <subfield code="c">Rs.00</subfield>
  </datafield>
  <datafield tag="520" ind1=" " ind2=" ">
    <subfield code="a">1 WHAT IS TEXTILE DESIGN?
&#x2022;	What makes Textile Design Different from other Disciplines?
&#x2022;	Definitions
&#x2022;	What are the Occupations?
&#x2022;	What are the Distinct Differences between Textile Design and Textile Art?
&#x2022;	What is the Textile Design Process?
&#x2022;	Interview Fioen Van Balgooi
&#x2022;	Case Study Freddie Robins
&#x2022;	Case Study Yinka Shonibare
2 THE TEXTILE DESIGN PROCESS
&#x2022;	Exploring the IDEA through Textile Research Methods
&#x2022;	Visual Research
&#x2022;	Tools and Methods for Unpacking the Idea
&#x2022;	Techniques to Explore within your Drawing
&#x2022;	Mood/Storyboards Interview Karen Nicol
&#x2022;	Case Study Dries Van Noten
3 DEVELOPING THROUGH MATERIAL INVESTIGATION
&#x2022;	What do we Mean by Surface?
&#x2022;	What do we Mean by Texture?
&#x2022;	What do we Mean by Pattern?
&#x2022;	What do we Mean by Structure?
&#x2022;	Spotlight on Lucienne Day
&#x2022;	Interview Reiko Sudo
&#x2022;	Spotlight on Japanese Textiles
&#x2022;	Case Study Wallace and Sewell
4 COLOUR
&#x2022;	The Importance of Colour in Textile Design
&#x2022;	What is Colour?
&#x2022;	Colour Theory
&#x2022;	Colour Definitions
&#x2022;	Colour Forecasting
&#x2022;	Observing and Analysing Colour
&#x2022;	Defined Palette and Colour Systems
&#x2022;	Colour and Culture Spotlight on Indian Textiles
&#x2022;	Interview Jane Keith
&#x2022;	Case Study Missoni
5 CREATING TEXTILE OUTCOMES
&#x2022;	Craftsmanship
&#x2022;	Creating 'Fit for Purpose' Textiles
&#x2022;	Spotlight on Anni Albers (1899-1994)
&#x2022;	Interview Sara Robertson and Sarah Taylor
&#x2022;	How to Communicate
&#x2022;	Visual Presentation
&#x2022;	Presentation Boards
&#x2022;	How to Create your Presentation Boards
&#x2022;	How to Create a Portfolio
&#x2022;	CAD Presentation
&#x2022;	Verbal Presentations
&#x2022;	Online Presence
&#x2022;	Case Study Donna Wilson
&#x2022;	Case Study Noa Raviv

</subfield>
  </datafield>
  <datafield tag="650" ind1=" " ind2=" ">
    <subfield code="a">Textile Design</subfield>
    <subfield code="9">216247</subfield>
  </datafield>
  <datafield tag="700" ind1=" " ind2=" ">
    <subfield code="a">Stevenson Frances</subfield>
    <subfield code="9">216248</subfield>
  </datafield>
  <datafield tag="942" ind1=" " ind2=" ">
    <subfield code="c">BK</subfield>
  </datafield>
  <datafield tag="999" ind1=" " ind2=" ">
    <subfield code="c">369797</subfield>
    <subfield code="d">369797</subfield>
  </datafield>
  <datafield tag="952" ind1=" " ind2=" ">
    <subfield code="0">0</subfield>
    <subfield code="1">0</subfield>
    <subfield code="2">ddc</subfield>
    <subfield code="4">0</subfield>
    <subfield code="7">0</subfield>
    <subfield code="a">SOFT</subfield>
    <subfield code="b">SOFT</subfield>
    <subfield code="d">2026-01-03</subfield>
    <subfield code="e">Design Book Studio</subfield>
    <subfield code="g">2096.86</subfield>
    <subfield code="i">291</subfield>
    <subfield code="l">0</subfield>
    <subfield code="o">746 STE</subfield>
    <subfield code="p">SOFT-BK-4812</subfield>
    <subfield code="r">2026-01-09 10:04:16</subfield>
    <subfield code="t">25%</subfield>
    <subfield code="v">2795.81</subfield>
    <subfield code="w">2025-12-16</subfield>
    <subfield code="y">BK</subfield>
  </datafield>
</record>
